LIBRARY & INFORMATION CENTRE, KCAET, TAVANUR

ONLINE PUBLIC ACCESS CATALOGUE (OPAC)

Science in history / (Record no. 7733)

MARC details
000 -LEADER
fixed length control field 00484cam a2200205ua 4500
041 ## - LANGUAGE CODE
Language code of text/sound track or separate title eng
082 ## - DEWEY DECIMAL CLASSIFICATION NUMBER
Classification number 509
Item number BER/SC
100 ## - MAIN ENTRY--AUTHOR NAME
Personal name Bernal, J.D .
245 ## - TITLE STATEMENT
Title Science in history /
250 ## - EDITION STATEMENT
Edition statement 3 /
260 ## - PUBLICATION, DISTRIBUTION, ETC. (IMPRINT)
Place of publication New York :
Name of publisher Hawthorn Publishers ,
Year of publication 1965.
300 ## - PHYSICAL DESCRIPTION
Number of Pages 1039 ; .
500 ## - GENERAL NOTE
General note **Reference
942 ## - ADDED ENTRY ELEMENTS (KOHA)
Koha item type Books
Holdings
Withdrawn status Lost status Damaged status Home library Current library Date acquired Full call number Accession Number Koha item type
      KAUAET KAUAET 07/04/2012 509 BER/SC 12118 Reference
Withdrawn     KAUAET Sanskrit University 07/04/2012 509 BER/SC 12119 Books
free website counter